All countries by distance to Poznań - Statistics

General Stats
  • This quiz has been taken 43 times
  • The average score is 35 of 196
Answers on the Map
Answers color-coded by a green-red scale on the quiz's map according to % correct below.
 
Answer Stats
Country Estimated distance (km) % Correct
Poland 0
100%
Czech Republic 200
93%
Germany 155
93%
Russia 290
77%
Slovakia 340
63%
Denmark 315
60%
Austria 400
57%
Sweden 380
57%
Belarus 420
53%
Lithuania 415
53%
Ukraine 465
53%
Hungary 485
50%
Latvia 485
50%
Romania 640
47%
Slovenia 615
47%
Croatia 650
43%
Belgium 765
40%
Estonia 690
40%
Italy 680
40%
Bosnia and Herzegovina 790
37%
France 725
37%
Moldova 820
37%
Netherlands 660
37%
Serbia 715
37%
Switzerland 760
37%
Finland 820
33%
Liechtenstein 780
33%
Luxembourg 785
33%
Norway 795
33%
United Kingdom 1030
33%
Albania 1100
30%
Andorra 1575
30%
Bulgaria 1000
30%
Georgia 1970
30%
Greece 1305
30%
Ireland 1535
30%
Kosovo 1055
30%
Malta 1825
30%
Monaco 1190
30%
Montenegro 995
30%
North Macedonia 1175
30%
San Marino 990
30%
Spain 1515
30%
Turkey 1365
30%
Vatican City 1215
30%
Algeria 1835
27%
Armenia 2355
27%
Azerbaijan 2440
27%
Iran 2520
27%
Israel 2590
27%
Lebanon 2480
27%
Portugal 2110
27%
Tunisia 1755
27%
Afghanistan 3925
23%
Chad 3220
23%
China 4465
23%
Cyprus 2270
23%
Egypt 2395
23%
Iraq 2595
23%
Jordan 2655
23%
Kazakhstan 2090
23%
Kyrgyzstan 4100
23%
Libya 2180
23%
Mali 3555
23%
Mauritania 3505
23%
Morocco 2450
23%
Niger 3240
23%
Pakistan 4350
23%
Saudi Arabia 2830
23%
Sudan 3450
23%
Syria 2315
23%
Tajikistan 4055
23%
Turkmenistan 2895
23%
Uzbekistan 2940
23%
Yemen 4505
23%
Bahrain 4025
20%
Canada 4080
20%
Iceland 2185
20%
Kuwait 3500
20%
Nigeria 4310
20%
Oman 4360
20%
Qatar 4075
20%
United Arab Emirates 4240
20%
Burkina Faso 4420
17%
Cameroon 4375
17%
Eritrea 4260
17%
Ethiopia 4560
17%
Mongolia 4790
17%
Senegal 4830
17%
South Sudan 4680
17%
United States 5765
17%
Benin 4620
13%
Central African Republic 4625
13%
Djibouti 4980
13%
Ghana 4835
13%
India 4850
13%
Ivory Coast 5055
13%
Togo 4825
13%
Angola 6475
10%
Bangladesh 6455
10%
Bhutan 6415
10%
Burundi 6205
10%
Cape Verde 5265
10%
Democratic Republic of the Congo 5260
10%
Equatorial Guinea 5460
10%
Gabon 5585
10%
Gambia 5115
10%
Guinea 5010
10%
Guinea Bissau 5195
10%
Kenya 5530
10%
Liberia 5445
10%
Myanmar 6915
10%
Nepal 5660
10%
North Korea 7565
10%
Republic of the Congo 5415
10%
Rwanda 6075
10%
São Tomé and Príncipe 5705
10%
Sierra Leone 5355
10%
Somalia 5120
10%
Sri Lanka 7325
10%
Tanzania 6075
10%
Uganda 5560
10%
Zambia 6860
10%
Antigua and Barbuda 7700
7%
Brazil 7145
7%
Comoros 7525
7%
Laos 7695
7%
Malawi 7035
7%
Maldives 7120
7%
Mozambique 7320
7%
New Zealand 15065
7%
Seychelles 7195
7%
Thailand 7675
7%
Tonga 15770
7%
Zimbabwe 7660
7%
Australia 10370
3%
Bahamas 7955
3%
Barbados 7930
3%
Botswana 7840
3%
Cuba 8310
3%
Dominican Republic 8060
3%
Grenada 8120
3%
Haiti 8200
3%
Japan 7895
3%
Kiribati 13415
3%
Lesotho 9075
3%
Madagascar 7790
3%
Mexico 9015
3%
Namibia 7720
3%
Palau 11095
3%
Saint Vincent and the Grenadines 8030
3%
Samoa 15605
3%
South Africa 8375
3%
South Korea 7870
3%
St Kitts and Nevis 7795
3%
St Lucia 7950
3%
Taiwan 8545
3%
Trinidad and Tobago 8160
3%
Tuvalu 14480
3%
Vanuatu 14875
3%
Vietnam 7725
3%
Argentina 11045
0%
Belize 9375
0%
Bolivia 10350
0%
Brunei 10080
0%
Cambodia 8490
0%
Chile 11305
0%
Colombia 8805
0%
Costarica 9755
0%
Dominica 7850
0%
East timor 11985
0%
Ecuador 10170
0%
El Salvador 9755
0%
Eswatini 8800
0%
Fiji 15230
0%
Guatemala 9490
0%
Guyana 8360
0%
Honduras 9195
0%
Indonesia 8670
0%
Jamaica 8640
0%
Malaysia 8945
0%
Marshall Islands 12090
0%
Mauritius 7930
0%
Micronesia 11155
0%
Nauru 13605
0%
Nicaragua 9360
0%
Panama 9530
0%
Papua New Guinea 12470
0%
Paraguay 10785
0%
Peru 10040
0%
Philippines 9120
0%
Singapore 9655
0%
Solomon Islands 13715
0%
Suriname 8210
0%
Uruguay 11610
0%
Venezuela 8305
0%
No matching quizzes found
Score Distribution
Percent of People with Each Score
Percentile by Number Answered
Your Score History
You have not taken this quiz